=LDR 00000nam 2200000 4500 =001 INLIS000000000048995 =005 20170118090447.0 =006 =007 =008 =020 ##$$a 978-602-1595-24-4 =035 ##$$0010-011700000000276 =040 ##$$a NBPDMAT =082 ##$$a 611 .015 =090 ##$$a 611 .015 Pus k =100 ##$$a Puspitarini Muyossaro =245 ##$$a Kedah syatan Terapi enzim : Sehat secara alami untuk semua orang / $b Pupitarini Muyossaro ;Editor, Winda =260 ##$$a Jakarta : $b Padi, $c 2014 =300 ##$$a VI, 130 hlm . : $b ilus . ; $c 24 cm =500 ##$$a Bibliografi : hlm .129 =500 ##$$a Biogragfi : hlm .130 =650 ##$$a Terapi Enzim =700 ##$$a Winda